| 000 | 00592 a2200169 4500 | ||
|---|---|---|---|
| 008 | 130926b xxu||||| |||| 00| 0 eng d | ||
| 020 | _a9780132737531 | ||
| 050 |
_aT58.6 _b.M35 2012 |
||
| 245 |
_aManaging information technology _cCarole V. Brown ... [et al.]. |
||
| 250 | _a7th ed | ||
| 260 |
_c2012 _bPearson Prentice Hall, _aUpper Saddle River, N.J. : |
||
| 300 |
_axix, 718 p. : _bill. ; _c27 cm. |
||
| 521 | _aIncludes bibliographical references and index. | ||
| 650 | _aManagement information systems. | ||
| 700 |
_aBrown, Carol V. _d1945- _q(Carol Vanderbilt), |
||
| 942 |
_cBK _2lcc |
||
| 999 |
_c42170 _d42170 |
||